| 000 | 00355nam a22001577a 4500 | ||
|---|---|---|---|
| 003 | SGT | ||
| 020 | _a978-0-323-08340-9 | ||
| 082 | _a616.0472, P14B | ||
| 100 | _aBENZON, HONORIO T. | ||
| 245 | _aPRACTICAL MANAGEMENT OF PAIN | ||
| 250 | _a5TH | ||
| 260 |
_aPHILADELPHIA _bELSEVIER _c2014 |
||
| 300 | _a1114 | ||
| 650 | _aMEDICINE | ||
| 942 |
_2ddc _cBK |
||
| 999 |
_c8484 _d8484 |
||